[Event "Bangkok Thailand op"]
[Site "Bangkok"]
[Date "2021.12.17"]
[Round "4"]
[White "Burbach, Anya Belle"]
[Black "Kuich, Gero"]
[Result "1-0"]
[WhiteElo "1265"]
[BlackElo "1490"]
[PlyCount "113"]
[EventDate "2021.12.15"]
[EventType "swiss"]
[EventRounds "9"]
[EventCountry "THA"]
[SourceTitle "CBM 206 Extra"]
[Source "ChessBase"]
[SourceDate "2022.03.31"]
[SourceVersion "1"]
[SourceVersionDate "2022.03.31"]
[SourceQuality "1"]

1. e4 c5 2. d4 cxd4 3. c3 dxc3 4. Nxc3 Nc6 5. Bc4 e6 6. Nf3 d6 7. 0-0 a6 8. Qe2 b5 9. Bb3 Ra7 10. Rd1 Be7 11. Bf4 Rd7 12. Rac1 Bb7 13. Bg3 Nf6 14. a3 Nh5 15. Rd2 Nxg3 16. hxg3 0-0 17. Rcd1 Qc7 18. Na2 Rc8 19. Nb4 Nxb4 20. axb4 Qb8 21. Nd4 d5 22. Nf3 Bxb4 23. Rd3 Rcd8 24. exd5 Bxd5 25. Ne5 Rd6 26. Bxd5 Rxd5 27. Nc6 Qd6 28. Rxd5 exd5 29. Nxd8 Qxd8 30. Qe5 Qe7 31. Qxd5 g6 32. Qd8+ Qxd8 33. Rxd8+ Kg7 34. Ra8 a5 35. Rb8 h5 36. Rxb5 f6 37. Kf1 g5 38. Ke2 Kf7 39. Rxb4 axb4 40. Kd3 Ke6 41. Kc4 Kd6 42. Kxb4 Kc6 43. Ka5 Kb7 44. Kb5 f5 45. b4 f4 46. gxf4 gxf4 47. g3 f3 48. Kc5 Kc7 49. Kd5 Kb6 50. Ke4 Kb5 51. Kxf3 Kxb4 52. Ke4 Kc5 53. Ke5 Kc6 54. f4 Kd7 55. Kf6 Ke8 56. Kg7 Ke7 57. f5 1-0

[Event "Laos op"]
[Site "Vientiane"]
[Date "2018.01.04"]
[Round "3"]
[White "Maneesorn, Kankawee"]
[Black "Kuich, Gero"]
[Result "1-0"]
[WhiteElo "1920"]
[BlackElo "1505"]
[PlyCount "95"]
[EventDate "2018.01.03"]
[EventType "swiss"]
[EventRounds "9"]
[EventCountry "LAO"]
[SourceTitle "CBM 182 Extra"]
[Source "ChessBase"]
[SourceDate "2018.02.23"]
[SourceVersion "1"]
[SourceVersionDate "2018.02.23"]
[SourceQuality "1"]

1. e4 c5 2. Nf3 g6 3. d4 Bg7 4. Be3 Nc6 5. Nc3 cxd4 6. Nxd4 Nf6 7. Bc4 0-0 8. Bb3 b6 9. f3 Bb7 10. Qd2 Rc8 11. 0-0-0 Na5 12. Bh6 Nxb3+ 13. axb3 d6 14. h4 Kh8 15. Bxg7+ Kxg7 16. h5 Rh8 17. h6+ Kf8 18. e5 Ne8 19. Qf4 Kg8 20. Rhe1 e6 21. exd6 Qf6 22. Qxf6 Nxf6 23. Ndb5 a6 24. d7 Rd8 25. Nd6 Bc6 26. Nde4 Nxe4 27. Nxe4 Kf8 28. Rd6 Bxd7 29. Red1 Ke7 30. Rxb6 Bc8 31. Nd6 Kf6 32. Rc6 g5 33. g4 Kg6 34. Rc7 Rdf8 35. c4 f5 36. Rh1 Rd8 37. Nf7 Rdf8 38. Nxh8+ Rxh8 39. Rg7+ Kf6 40. Rh5 fxg4 41. fxg4 Ke5 42. Rhxg5+ Kf4 43. Rg8 Rxg8 44. Rxg8 Bb7 45. g5 Be4 46. g6 e5 47. Rf8+ Kg5 48. g7 1-0

[Event "Ho Chi Minh City HD Bank op-B 6th"]
[Site "Ho Chi Minh City"]
[Date "2016.03.12"]
[Round "8"]
[White "Tran, Nguyen Dang Khoa"]
[Black "Kuich, Gero"]
[Result "1/2-1/2"]
[WhiteElo "1850"]
[BlackElo "1692"]
[PlyCount "133"]
[EventDate "2016.03.08"]
[EventType "swiss"]
[EventRounds "9"]
[EventCountry "VIE"]
[SourceTitle "CBM 171 Extra"]
[Source "ChessBase"]
[SourceDate "2016.04.26"]
[SourceVersion "1"]
[SourceVersionDate "2016.04.26"]
[SourceQuality "1"]

1. e4 c5 2. Nc3 g6 3. Bc4 Bg7 4. Nge2 Nc6 5. d3 Nf6 6. 0-0 0-0 7. Be3 b6 8. h3 Bb7 9. a3 e6 10. Bg5 h6 11. Bh4 g5 12. Bg3 d5 13. exd5 Nxd5 14. Bxd5 exd5 15. f4 f5 16. Qd2 d4 17. Nd1 Bf6 18. b4 Ne7 19. Rb1 Qd7 20. bxc5 bxc5 21. Kh2 Nd5 22. c4 dxc3 23. Qa2 Kg7 24. Qc4 Qc6 25. Rxb7+ Qxb7 26. fxg5 Bxg5 27. Nexc3 Ne3 28. Be5+ Kh7 29. Nxe3 Bxe3 30. Rb1 Qf7 31. Nd5 Bg5 32. Rb5 Rac8 33. g4 Kg8 34. gxf5 Rfd8 35. Nc3 Qxc4 36. dxc4 Rf8 37. Nd5 Rxf5 38. Bd6 Rf2+ 39. Kg3 Rc2 40. h4 Bd8 41. Rb7 Rxc4 42. Bf4 Ra4 43. Kg4 c4 44. Nc3 Rxa3 45. Be5 Ra6 46. Rg7+ Kf8 47. Rh7 Ke8 48. Ne4 Be7 49. Nc3 Rcc6 50. Nd5 Bd6 51. Bxd6 Rxd6 52. Nc7+ Kd8 53. Nxa6 Rxa6 54. Kf3 Kc8 55. Ke3 Kb8 56. Kd4 Rc6 57. Kc3 a5 58. Rg7 a4 59. Rg2 Kc7 60. Ra2 Kd6 61. Rxa4 Kd5 62. Rb4 Rc5 63. Rb6 h5 64. Rb4 Ke5 65. Rxc4 Rxc4+ 66. Kxc4 Ke4 67. Kc3 1/2-1/2

[Event "Ho Chi Minh City HD Bank op 5th"]
[Site "Ho Chi Minh City"]
[Date "2015.03.22"]
[Round "9"]
[White "Nguyen, Truong Bao Tran"]
[Black "Kuich, Gero"]
[Result "1/2-1/2"]
[WhiteElo "1884"]
[BlackElo "1763"]
[PlyCount "113"]
[EventDate "2015.03.17"]
[EventType "swiss"]
[EventRounds "9"]
[EventCountry "VIE"]
[SourceTitle "CBM 165 Extra"]
[Source "ChessBase"]
[SourceDate "2015.04.21"]
[SourceVersion "1"]
[SourceVersionDate "2015.04.21"]
[SourceQuality "1"]

1. c4 c5 2. Nc3 Nc6 3. g3 g6 4. Bg2 Bg7 5. e4 d6 6. d3 Nf6 7. Nge2 0-0 8. 0-0 Rb8 9. f4 Bg4 10. Bd2 Nd4 11. Rb1 Ne8 12. Qe1 Nxe2+ 13. Nxe2 Qd7 14. Bc3 Bh3 15. Bxh3 Qxh3 16. f5 Bxc3 17. bxc3 Nf6 18. Nf4 Qh6 19. Qe2 Rfe8 20. Rb2 Qg7 21. Rb3 e6 22. fxe6 fxe6 23. e5 dxe5 24. Qxe5 Nd7 25. Qxg7+ Kxg7 26. Re1 Kf7 27. a4 b6 28. Rb2 g5 29. Nh3 h6 30. Nf2 Nf6 31. Rbe2 Rbd8 32. Re3 Rd6 33. Kg2 Kg6 34. Rf3 Rc6 35. h3 Re7 36. Rfe3 Kf7 37. Rf1 Kg6 38. Rf3 e5 39. Re3 Rce6 40. Rfe1 Kf7 41. Kf3 Re8 42. Rf1 Kg6 43. Ne4 Rf8 44. Ke2 Rf7 45. Nxf6 Rfxf6 46. Rxf6+ Kxf6 47. Kf3 h5 48. g4 hxg4+ 49. Kxg4 Kg6 50. d4 cxd4 51. cxd4 Rc6 52. Rxe5 Rxc4 53. Rxg5+ Kh6 54. Rh5+ Kg6 55. Rg5+ Kh6 56. Rh5+ Kg6 57. Rg5+ 1/2-1/2

[Event "Ho Chi Minh City HD Bank op 3rd"]
[Site "Ho Chi Minh City"]
[Date "2013.03.24"]
[Round "9"]
[White "Qiu, Mengjie"]
[Black "Kuich, Gero"]
[Result "1-0"]
[WhiteElo "2115"]
[BlackElo "1808"]
[PlyCount "53"]
[EventDate "2013.03.19"]
[EventType "swiss"]
[EventRounds "9"]
[EventCountry "VIE"]
[SourceTitle "CBM 153 Extra"]
[Source "ChessBase"]
[SourceDate "2013.04.22"]
[SourceVersion "1"]
[SourceVersionDate "2013.04.22"]
[SourceQuality "1"]

1. e4 c5 2. Nf3 g6 3. d4 Bg7 4. Nc3 Nc6 5. Be3 cxd4 6. Nxd4 Nxd4 7. Bxd4 Nf6 8. Qd2 0-0 9. 0-0-0 a6 10. e5 Ne8 11. Nd5 d6 12. exd6 Nxd6 13. Nxe7+ Qxe7 14. Bxg7 Ne4 15. Bxf8 Qxf8 16. Qf4 Nc5 17. Bc4 Bf5 18. g4 Be6 19. Bxe6 Nxe6 20. Qe5 Rc8 21. Kb1 Rc5 22. Rd5 Rc4 23. f3 Qc8 24. Rhd1 Rc7 25. Qf6 Rc6 26. Rd8+ Nf8 27. Qe7 1-0

[Event "Ho Chi Minh City HD Bank op 3rd"]
[Site "Ho Chi Minh City"]
[Date "2013.03.23"]
[Round "7"]
[White "Kuich, Gero"]
[Black "Nguyen, Hoang Anh"]
[Result "1-0"]
[WhiteElo "1808"]
[BlackElo "1913"]
[PlyCount "111"]
[EventDate "2013.03.19"]
[EventType "swiss"]
[EventRounds "9"]
[EventCountry "VIE"]
[SourceTitle "CBM 153 Extra"]
[Source "ChessBase"]
[SourceDate "2013.04.22"]
[SourceVersion "1"]
[SourceVersionDate "2013.04.22"]
[SourceQuality "1"]

1. d4 Nf6 2. c4 g6 3. Nf3 Bg7 4. g3 0-0 5. Bg2 c5 6. 0-0 cxd4 7. Nxd4 Nc6 8. Nxc6 bxc6 9. Nc3 Bb7 10. e4 d6 11. Qc2 Qa5 12. Bd2 Qh5 13. Qd1 Qxd1 14. Raxd1 Nd7 15. b3 Nc5 16. Ne2 a5 17. Bc3 a4 18. b4 Ne6 19. Bxg7 Kxg7 20. a3 Rac8 21. Nd4 Nxd4 22. Rxd4 c5 23. bxc5 Rxc5 24. Rb1 Bc6 25. Rb4 Kf6 26. f4 Ke6 27. Kf2 f6 28. Bf3 Kd7 29. Ke3 Kc7 30. Bd1 Ra5 31. Rd2 f5 32. exf5 gxf5 33. Bc2 Rg8 34. Re2 h5 35. Kf2 Kd7 36. h4 Rg7 37. Bd1 Rh7 38. Reb2 Ke6 39. Rb8 Kf6 40. Rg8 Bd7 41. Rbb8 Be6 42. Rgf8+ Kg6 43. Rb4 Bd7 44. Bf3 Rc5 45. Bd5 e6 46. Bf3 d5 47. Be2 Kg7 48. Rd8 Bc6 49. Rc8 dxc4 50. Rb6 Kf6 51. Rbxc6 Rb5 52. Bxc4 Rb2+ 53. Be2 Ra2 54. Rc3 Rd7 55. R8c4 Ra7 56. Kf3 1-0

[Event "Ho Chi Minh City HD Bank op 3rd"]
[Site "Ho Chi Minh City"]
[Date "2013.03.20"]
[Round "3"]
[White "Ton, Nu Hong An"]
[Black "Kuich, Gero"]
[Result "1-0"]
[WhiteElo "1982"]
[BlackElo "1808"]
[PlyCount "47"]
[EventDate "2013.03.19"]
[EventType "swiss"]
[EventRounds "9"]
[EventCountry "VIE"]
[SourceTitle "CBM 153 Extra"]
[Source "ChessBase"]
[SourceDate "2013.04.22"]
[SourceVersion "1"]
[SourceVersionDate "2013.04.22"]
[SourceQuality "1"]

1. d4 Nf6 2. c4 g6 3. Nc3 d5 4. cxd5 Nxd5 5. e4 Nxc3 6. bxc3 Bg7 7. Bb5+ Bd7 8. Bxd7+ Nxd7 9. Rb1 Rb8 10. Nf3 c5 11. Bf4 Rc8 12. Rxb7 Qa5 13. 0-0 Qxa2 14. Qa1 Qe6 15. Ng5 Qc6 16. Qxa7 cxd4 17. cxd4 f6 18. d5 Qc5 19. Ne6 Qxa7 20. Nxg7+ Kf7 21. Rxa7 Nc5 22. d6 Kxg7 23. Rxe7+ Kf8 24. Bh6+ 1-0

[Event "Penang op 4th"]
[Site "Penang"]
[Date "2012.12.13"]
[Round "5"]
[White "Greenwood, Martin"]
[Black "Kuich, Gero"]
[Result "0-1"]
[WhiteElo "1636"]
[BlackElo "1817"]
[PlyCount "98"]
[EventDate "2012.12.11"]
[EventType "swiss"]
[EventRounds "9"]
[EventCountry "MAS"]
[SourceTitle "EXT 2014"]
[Source "ChessBase"]
[SourceDate "2013.11.20"]
[SourceVersion "1"]
[SourceVersionDate "2013.11.20"]
[SourceQuality "1"]

1. e4 c5 2. Nf3 g6 3. Bc4 Bg7 4. 0-0 Nc6 5. c3 d6 6. d4 cxd4 7. cxd4 e6 8. d5 Ne5 9. Nxe5 Bxe5 10. Bb5+ Bd7 11. Qa4 Ne7 12. Bxd7+ Qxd7 13. Qxd7+ Kxd7 14. dxe6+ fxe6 15. Rd1 Rac8 16. Na3 a6 17. f4 Bg7 18. e5 d5 19. Bd2 Rc6 20. Rac1 Rhc8 21. Rxc6 Rxc6 22. Rc1 Rxc1+ 23. Bxc1 Nc6 24. Nc2 Bf8 25. Be3 Nb4 26. Nxb4 Bxb4 27. a3 Be7 28. Kf2 Kc6 29. Ke2 Kb5 30. Kd3 Ka4 31. Kc3 b5 32. Bd4 b4+ 33. axb4 Bxb4+ 34. Kc2 h5 35. h3 Be1 36. g4 hxg4 37. hxg4 Kb5 38. Kd3 Bg3 39. f5 exf5 40. gxf5 gxf5 41. e6 Bh4 42. Ke3 Bg5+ 43. Kd3 Kc6 44. Be5 a5 45. Kd4 a4 46. Kc3 Kc5 47. Bd4+ Kd6 48. Kb4 Kxe6 49. Kxa4 Bf6 0-1

[Event "Ho Chi Minh City HD Bank op 2nd"]
[Site "Ho Chi Minh City"]
[Date "2012.03.06"]
[Round "8"]
[White "Kuich, Gero"]
[Black "Wolfaardt, Francois"]
[Result "1/2-1/2"]
[WhiteElo "1855"]
[BlackElo "1783"]
[PlyCount "62"]
[EventDate "2012.03.02"]
[EventType "swiss"]
[EventRounds "9"]
[EventCountry "VIE"]
[SourceTitle "CBM 147 Extra"]
[Source "ChessBase"]
[SourceDate "2012.04.24"]
[SourceVersion "1"]
[SourceVersionDate "2012.04.24"]
[SourceQuality "1"]

1. d4 d6 2. c4 e5 3. dxe5 dxe5 4. Qxd8+ Kxd8 5. Nc3 Be6 6. b3 Bb4 7. Bb2 Nd7 8. 0-0-0 c6 9. e3 f6 10. Be2 Kc7 11. Nf3 Ne7 12. Ne4 Nf5 13. g4 Nd6 14. Nfd2 Bxd2+ 15. Nxd2 h6 16. Bf3 a5 17. h3 Nc5 18. Nb1 Nxc4 19. bxc4 Bxc4 20. Rd2 Bxa2 21. Bxe5+ fxe5 22. Rxa2 Rhf8 23. Nd2 Nd3+ 24. Kb1 Nxf2 25. Rh2 Nd3 26. Be4 Nb4 27. Rb2 Rad8 28. Rb3 h5 29. Kb2 c5 30. Rc3 Kb6 31. Nf3 Rde8 1/2-1/2

[Event "Ho Chi Minh City HD Bank op 2nd"]
[Site "Ho Chi Minh City"]
[Date "2012.03.05"]
[Round "6"]
[White "Do, Thi Thuong"]
[Black "Kuich, Gero"]
[Result "1-0"]
[WhiteElo "2091"]
[BlackElo "1855"]
[PlyCount "93"]
[EventDate "2012.03.02"]
[EventType "swiss"]
[EventRounds "9"]
[EventCountry "VIE"]
[SourceTitle "CBM 147 Extra"]
[Source "ChessBase"]
[SourceDate "2012.04.24"]
[SourceVersion "1"]
[SourceVersionDate "2012.04.24"]
[SourceQuality "1"]

1. c4 c5 2. Nc3 Nc6 3. g3 g6 4. Bg2 Bg7 5. e4 Nf6 6. Nge2 0-0 7. 0-0 d6 8. d3 Rb8 9. b3 b6 10. Bb2 Bb7 11. Qd2 Nd7 12. f4 Nd4 13. Rae1 e6 14. Kh1 Nxe2 15. Rxe2 Nf6 16. Rd1 d5 17. e5 d4 18. exf6 dxc3 19. Qxc3 Bh6 20. Qe5 Bxg2+ 21. Kxg2 Qd7 22. d4 Rfd8 23. d5 Bf8 24. Red2 Qb7 25. h4 b5 26. h5 bxc4 27. hxg6 hxg6 28. bxc4 exd5 29. cxd5 Bd6 30. Qg5 Qb4 31. Be5 Qe4+ 32. Kf2 Qf5 33. Qh6 Bf8 34. Qh4 Rb1 35. Rh1 Rxh1 36. Qxh1 Qh5 37. Qxh5 gxh5 38. d6 Rd7 39. Rd5 c4 40. Ke3 Kh7 41. f5 Rd8 42. Kd4 c3 43. Kxc3 Rc8+ 44. Kb3 Rb8+ 45. Kc4 Kh6 46. Bf4+ Kh7 47. d7 1-0